Методические рекомендации по поиску новых партнеров по международному книгообмену для ГПНТБ СО РАН (Запись № 1357548)

Подробности
000 -МАРКЕР
контрольное поле 01583nam0a2200337 4500
001 - ИДЕНТИФИКАТОР ЗАПИСИ
контрольное поле RU\NLR\bibl\1144116
005 - ИДЕНТИФИКАТОР ВЕРСИИ
контрольное поле 20260407082636.0
021 ## - НОМЕР ГОСУДАРСТВЕННОЙ РЕГИСТРАЦИИ
Код страны Российская Федерация
Номер 2007-62278
Номер Листа государственной регистраци 3327
035 ## - ДРУГИЕ СИСТЕМНЫЕ НОМЕРА
Идентификатор записи (NLR Aleph) 001130949
100 ## - ДАННЫЕ ОБЩЕЙ ОБРАБОТКИ
Данные общей обработки 20071023d2007 |||y0rusy50 ca
101 0# - ЯЗЫК РЕСУРСА
Язык текста, звукозаписи и т.д. русский
102 ## - СТРАНА ПУБЛИКАЦИИ ИЛИ ПРОИЗВОДСТВА
Страна публикации Российская Федерация
105 ## - ПОЛЕ КОДИРОВАННЫХ ДАННЫХ: ТЕКСТОВЫЕ МАТЕРИАЛЫ, МОНОГРАФИЧЕСКИЕ
Кодированные данные о монографическом текстовом документе y |||||||||
200 1# - ЗАГЛАВИЕ И СВЕДЕНИЯ ОБ ОТВЕТСТВЕННОСТИ
Основное заглавие Методические рекомендации по поиску новых партнеров по международному книгообмену для ГПНТБ СО РАН
Первые сведения об ответственности ГПНТБ СО РАН
Последующие сведения об ответственности сост.: Л.В. Босина, И.Г. Каржаневич
210 ## - ПУБЛИКАЦИЯ, РАСПРОСТРАНЕНИЕ И ДР.
Место издания, распространения и т.д. Новосибирск
Имя издателя, распространителя и т. д. ГПНТБ
Дата издания, распространения и т.д. 2007
215 ## - ФИЗИЧЕСКАЯ ХАРАКТЕРИСТИКА
Специфическое обозначение материала и объем 16 с.
Размеры 21
320 ## - ПРИМЕЧАНИЯ О НАЛИЧИИ В ДОКУМЕНТЕ БИБЛИОГРАФИИ / УКАЗАТЕЛЯ
Текст примечания Библиогр. в подстроч. примеч.
601 02 - НАИМЕНОВАНИЕ ОРГАНИЗАЦИИ КАК ПРЕДМЕТ
Начальный элемент ввода Государственная публичная научно-техническая библиотека
Идентифицирующий признак Новосибирск, город
Системный номер авторитетной/нормативной записи 2177376
Идентификатор авторитетной/нормативной записи RU\NLR\auth\661309541
606 1# - НАИМЕНОВАНИЕ ТЕМЫ КАК ПРЕДМЕТ
Наименование темы Международный книгообмен
Системный номер авторитетной/нормативной записи 2344855
Идентификатор авторитетной/нормативной записи RU\NLR\auth\661401321
686 ## - ИНДЕКСЫ ДРУГИХ КЛАССИФИКАЦИЙ
Индекс Ч736.114.4
686 ## - ИНДЕКСЫ ДРУГИХ КЛАССИФИКАЦИЙ
Индекс Ч734(2)715.215
702 #1 - ИМЯ ЛИЦА - ВТОРИЧНАЯ ОТВЕТСТВЕННОСТЬ
Начальный элемент ввода Босина
Часть имени, кроме начального элемента ввода Л. В.
Расширение инициалов личного имени Лариса Викторовна
Код отношения Составитель
712 02 - НАИМЕНОВАНИЕ ОРГАНИЗАЦИИ - ВТОРИЧНАЯ ОТВЕТСТВЕННОСТЬ
Код отношения Прочие
Начальный элемент ввода Государственная публичная научно-техническая библиотека
Идентифицирующий признак Новосибирск
Системный номер авторитетной/нормативной записи 290140
Идентификатор авторитетной/нормативной записи RU\NLR\AUTH\888824
801 #0 - ИСТОЧНИК ЗАПИСИ
Страна Российская Федерация
Организация NLR
Дата составления 20071023
Правила каталогизации RCR
801 #1 - ИСТОЧНИК ЗАПИСИ
Страна Российская Федерация
Организация NLR
Дата составления 20071023
830 ## - ОБЩЕЕ ПРИМЕЧАНИЕ, СОСТАВЛЕННОЕ КАТАЛОГИЗАТОРОМ
Текст примечания сост. по кн.
942 ## - ДОПОЛНИТЕЛЬНЫЕ ЭЛЕМЕНТЫ ЗАПИСИ (АБИС)
Тип экземпляра АБИС Книга
980 ## - КОЛЛЕКЦИЯ
Название коллекции Национальная библиография
Экземпляры
Тип экземпляра Дата поступления Источник поступления Библиотека постоянного хранения Библиотека текущего хранения Место хранения Шифр хранения Штрих-код Статус экземпляра
Книга 23.10.2007 Обязательный экземпляр РНБ (Садовая) РНБ (Садовая) Фонд литературы по библиотековедению Б 6050/М-54 2532584  
Книга 23.10.2007 Обязательный экземпляр РНБ (Садовая) РНБ (Садовая) Фонд литературы по библиотековедению Б 6050/М-54 2532585